Word Ladder: Blustery Mystery Theme Quiz Stats

 Plays Quiz Updated Jul 10, 2012

Support Sporcle.
Go Orange.
Score 0/36 Timer 03:00
0 Plays Today
Hint Word % Correct
Positively certainSURE
95.1%
Arrange into categoriesSORT
94.2%
CankerSORE
93.3%
♒ HANG TEN ♒♒ SURF ♒
83.1%
♒ INCINERATE ♒♒ BURN ♒
78.5%
Costume or charity ____BALL
75.1%
Death in ParisMORT
74.7%
UnwellSICK
73.8%
Sweater fiberWOOL
73%
Like Mr. Clean and Yul BrynnerBALD
71.5%
♒ FIDO'S WAGGER ♒♒ TAIL ♒
71.5%
Empty the boat!BAIL
71.4%
Fifty-one percentMOST
69.7%
♒ BALSA OR COCOBOLO ♒♒ WOOD ♒
68%
NecessityMUST
64.6%
ImplementTOOL
63.6%
Hard laborTOIL
63%
Potter's pointerWAND
62.2%
Hint Word % Correct
Musical comboBAND
60.8%
High qualityGOOD
59.1%
NeeBORN
55.2%
Hired thugGOON
54%
Stocking fiberSILK
49.6%
Baby foodMUSH
46.7%
Beneficial giftBOON
46.5%
♒ SLANGY PUNCH ♒♒ SOCK ♒
44.5%
Malarkey!BULL
42%
Swamp grimeMUCK
37.9%
Oak or elm knobBURL
37.3%
Hefty massBULK
36.7%
DefraudBILK
35.3%
Make sport ofMOCK
34.4%
Kind of oxenMUSK
31.8%
Flow freelyGUSH
26.1%
♒ EMOTIONAL OUTBURST ♒♒ GUST ♒
25%
♒ COMMON BOND ♒♒ WIND ♒
18.3%

Today's Daily Dose

You're not logged in!

Compare scores with friends on all Sporcle quizzes.
OR
Log In
Forgot?

From the Vault

'50 Ways' Guys

by klopek

We're not so sure Paul Simon actually knows 50 ways to leave a lover. We could only count about 5.
Remove Ads.
Support Sporcle.
Get the best of Sporcle when you Go Orange. This ad-free experience offers more features, more stats, and more fun while also helping to support Sporcle. Thank you for becoming a member.

Show Comments

Extras

Top Quizzes Today


Score Distribution

Your Account Isn't Verified!

In order to create a playlist on Sporcle, you need to verify the email address you used during registration. Go to your Sporcle Settings to finish the process.

Report this User

Report this user for behavior that violates our Community Guidelines.

Details: